Dictamen 5-2015, sobre el Anteproyecto de Ley de resolución alternativa de conflictos de consumo (Registro nro. 45968)
[ vista simple ]
| 000 -CABECERA | |
|---|---|
| Longitud fija campo de control | 03249nam a2200529 i 4500 |
| 001 - NÚMERO DE CONTROL | |
| Número de control | 45968 |
| 003 - IDENTIFICADOR DE NÚMERO DE CONTROL | |
| Identificador del número de control | ES-MaCES |
| 005 - FECHA Y HORA DE LA ÚLTIMA TRANSACCIÓN | |
| Fecha y hora de la última transacción | 20240709113000.0 |
| 007 - PHYSICAL DESCRIPTION FIXED FIELD--GENERAL INFORMAT | |
| Campo fijo de descripción física | cr ||||||||||| |
| 008 - CAMPO FIJO DE DESCRIPCIÓN FIJA--INFORMACIÓN GENERAL | |
| Códigos de información de longitud fija | 150423s2015 sp |||||||||||00||| spa|d |
| 040 ## - FUENTE DE CATALOGACIÓN | |
| Centro catalogador de origen | ES-MaCES |
| Lengua de catalogación | spa |
| Centro transcriptor | ES-MaCES |
| 245 00 - MENCIÓN DE TÍTULO | |
| Título | Dictamen 5-2015, sobre el Anteproyecto de Ley de resolución alternativa de conflictos de consumo |
| 300 ## - DESCRIPCIÓN FÍSICA | |
| Extensión | 19 p. (199,88 kb) |
| 500 ## - NOTA GENERAL | |
| Nota general | El consejero Félix Martín presenta la "Enmienda parcial de modificación a la propuesta de Dictamen, del Subgrupo de consumidores, que se incorpora al Acta como Anexo nº 2. Sometida a votación la enmienda parcial de modificación, presentada por los Consejeros Félix Martín, Isabel Ávila Fernández-Monge y Carlos Sánchez-Reyes de Palacio, quedó rechazada, el resultado es de 48 votos emitidos: 19 votos a favor, 28 votos en contra y 1 abstención. |
| 593 ## - CES. DATOS DICTAMEN | |
| Identificador | D-005-2015 |
| Fecha dictamen | 20150513 |
| Tipo trámite | Ordinaria |
| Votos aprobados | Presentes (47) : (38) sí, (2) no, (7) abst. |
| Tipo sesión | Pleno ordinario |
| Comisión de trabajo | Salud, Consumo, Asuntos Sociales, Educación y Cultura |
| Votos particulares | Tras la votación de la propuesta de dictamen, el consejero Félix Martín anuncia la presentación de un voto particular. <br/>Voto particular que formulan los consejeros del Grupo Tercero del CES, José Mª Algora Jiménez, Genero Amigo Chouciño, Isabel Ávila Fernández-Monge, Lascurain Arteche, Félix Martín Galicia, Eduardo Navarro Villarreal, Domiciano Pastor Martínez, Juan Antonio Pedreño Frutos, Gustavo Samayoa Estrada y Carlos Sánchez-Reyes de Palacio |
| 650 #4 - ASIENTO SECUNDARIO DE MATERIA--TÉRMINO DE MATERIA | |
| Término de materia o nombre geográfico como elemento inicial | consumo |
| 9 (RLIN) | 27907 |
| 650 #4 - ASIENTO SECUNDARIO DE MATERIA--TÉRMINO DE MATERIA | |
| Término de materia o nombre geográfico como elemento inicial | consumidor |
| 9 (RLIN) | 27902 |
| 650 #4 - ASIENTO SECUNDARIO DE MATERIA--TÉRMINO DE MATERIA | |
| Término de materia o nombre geográfico como elemento inicial | protección del consumidor |
| 9 (RLIN) | 29407 |
| 650 #4 - ASIENTO SECUNDARIO DE MATERIA--TÉRMINO DE MATERIA | |
| Término de materia o nombre geográfico como elemento inicial | arreglo de conflicto |
| 9 (RLIN) | 27305 |
| 650 #4 - ASIENTO SECUNDARIO DE MATERIA--TÉRMINO DE MATERIA | |
| Término de materia o nombre geográfico como elemento inicial | arbitraje |
| 9 (RLIN) | 27302 |
| 650 #4 - ASIENTO SECUNDARIO DE MATERIA--TÉRMINO DE MATERIA | |
| Término de materia o nombre geográfico como elemento inicial | organización institucional |
| 9 (RLIN) | 27196 |
| 650 #4 - ASIENTO SECUNDARIO DE MATERIA--TÉRMINO DE MATERIA | |
| Término de materia o nombre geográfico como elemento inicial | procedimiento judicial |
| 9 (RLIN) | 29889 |
| 650 #4 - ASIENTO SECUNDARIO DE MATERIA--TÉRMINO DE MATERIA | |
| Término de materia o nombre geográfico como elemento inicial | derecho comunitario |
| 9 (RLIN) | 29866 |
| 650 #4 - ASIENTO SECUNDARIO DE MATERIA--TÉRMINO DE MATERIA | |
| Término de materia o nombre geográfico como elemento inicial | España |
| 9 (RLIN) | 26964 |
| 650 #4 - ASIENTO SECUNDARIO DE MATERIA--TÉRMINO DE MATERIA | |
| Término de materia o nombre geográfico como elemento inicial | régimen jurídico |
| 9 (RLIN) | 29894 |
| 653 10 - TÉRMINO DE INDEXACIÓN--NO CONTROLADO | |
| Término no controlado | Consumo |
| 700 ## - ENCABEZAMIENTO SECUNDARIO--NOMBRE PERSONAL | |
| 9 (RLIN) | 35681 |
| Nombre de persona | Llovet Verdugo, Juan |
| Término indicativo de función | ponente |
| 700 1# - ENCABEZAMIENTO SECUNDARIO--NOMBRE PERSONAL | |
| Nombre de persona | Martín Galicia, Félix |
| Término indicativo de función | interviniente y voto particular |
| 9 (RLIN) | 17949 |
| 700 1# - ENCABEZAMIENTO SECUNDARIO--NOMBRE PERSONAL | |
| 9 (RLIN) | 7461 |
| Nombre de persona | Beltrán Blázquez, Ana Esperanza |
| Término indicativo de función | interviniente |
| 700 1# - ENCABEZAMIENTO SECUNDARIO--NOMBRE PERSONAL | |
| 9 (RLIN) | 6411 |
| Nombre de persona | Aragón Medina, Jorge |
| Término indicativo de función | interviniente |
| 700 1# - ENCABEZAMIENTO SECUNDARIO--NOMBRE PERSONAL | |
| 9 (RLIN) | 19974 |
| Nombre de persona | Oña, Dionis |
| Término indicativo de función | interviniente |
| 700 1# - ENCABEZAMIENTO SECUNDARIO--NOMBRE PERSONAL | |
| 9 (RLIN) | 6761 |
| Nombre de persona | Ávila Fernández-Monge, Isabel |
| Término indicativo de función | interviniente y voto particular |
| 700 1# - ENCABEZAMIENTO SECUNDARIO--NOMBRE PERSONAL | |
| 9 (RLIN) | 23330 |
| Nombre de persona | Sánchez-Reyes de Palacio, Carlos |
| Término indicativo de función | interviniente y voto particular |
| 700 1# - ENCABEZAMIENTO SECUNDARIO--NOMBRE PERSONAL | |
| 9 (RLIN) | 35765 |
| Nombre de persona | Algora Jiménez, José María |
| Término indicativo de función | voto particular |
| 700 ## - ENCABEZAMIENTO SECUNDARIO--NOMBRE PERSONAL | |
| 9 (RLIN) | 35766 |
| Nombre de persona | Amigo Chouciño, Genaro |
| Término indicativo de función | voto particular |
| 700 ## - ENCABEZAMIENTO SECUNDARIO--NOMBRE PERSONAL | |
| 9 (RLIN) | 35767 |
| Nombre de persona | Bonafé Ramis, Jerórima |
| Término indicativo de función | voto particular |
| 700 1# - ENCABEZAMIENTO SECUNDARIO--NOMBRE PERSONAL | |
| 9 (RLIN) | 8570 |
| Nombre de persona | Cabaleiro Villanueva, Claudio |
| Término indicativo de función | voto particular |
| 700 ## - ENCABEZAMIENTO SECUNDARIO--NOMBRE PERSONAL | |
| 9 (RLIN) | 35768 |
| Nombre de persona | Lascurain Arteche, Arantza |
| Término indicativo de función | voto particular |
| 700 1# - ENCABEZAMIENTO SECUNDARIO--NOMBRE PERSONAL | |
| 9 (RLIN) | 20449 |
| Nombre de persona | Pastor, Domiciano |
| Término indicativo de función | voto particular |
| 700 1# - ENCABEZAMIENTO SECUNDARIO--NOMBRE PERSONAL | |
| 9 (RLIN) | 20545 |
| Nombre de persona | Pedreño Frutos, Juan Antonio |
| Término indicativo de función | voto particular |
| 700 ## - ENCABEZAMIENTO SECUNDARIO--NOMBRE PERSONAL | |
| Nombre de persona | Samayoa Estrada, Gustavo |
| Término indicativo de función | voto particular |
| 9 (RLIN) | 35769 |
| 700 1# - ENCABEZAMIENTO SECUNDARIO--NOMBRE PERSONAL | |
| Nombre de persona | Navarro Villarreal, Eduardo |
| Término indicativo de función | voto particular |
| 9 (RLIN) | 19537 |
| 710 1# - ENCABEZAMIENTO SECUNDARIO--NOMBRE CORPORATIVO | |
| 9 (RLIN) | 3268 |
| Nombre de entidad o nombre de jurisdicción como elemento inicial | España |
| Unidad subordinada | Ministerio de Sanidad, Servicios Sociales e Igualdad |
| Término indicativo de función | solicitante |
| 856 4# - ACCESO ELECTRÓNICO | |
| Identificador Uniforme del Recurso (URI) | <a href="http://www.ces.es/documents/DIC/2015/05">http://www.ces.es/documents/DIC/2015/05</a> |
| Texto del enlace | texto completo |
| 902 ## - CES. TIPO DE DOCUMENTO | |
| Tipodoc (006$c Sirtex) | Dictamen CES |
| 942 ## - ELEMENTOS KOHA | |
| Fuente de clasificaión o esquema | Clasificación propia del CES |
| Koha [por defecto] tipo de item | Dictámenes/Informes/Memorias CES |
| Parte de clasificación | Consumo |
No hay ítems disponibles.
